[Event "ROM-ch U10"]
[Site "Baile Felix"]
[Date "2017.02.05"]
[Round "5"]
[White "Bardas, Stefan Dragos"]
[Black "Militaru, Mihai Gabriel"]
[Result "1-0"]
[WhiteElo "1070"]
[BlackElo "1001"]
[PlyCount "135"]
[EventDate "2017.02.02"]
[EventType "swiss"]
[EventRounds "9"]
[EventCountry "ROU"]
[SourceTitle "CBM 176 Extra"]
[Source "ChessBase"]
[SourceDate "2017.03.02"]
[SourceVersion "1"]
[SourceVersionDate "2017.03.02"]
[SourceQuality "1"]

1. d4 d5 2. Nf3 Nc6 3. Bf4 Bf5 4. a3 e6 5. Nc3 Nf6 6. Nb5 Bd6 7. Bxd6 cxd6 8. e3 0-0 9. Bd3 Bxd3 10. Qxd3 Qa5+ 11. Nc3 Nb4 12. Qe2 h6 13. 0-0 Rfe8 14. axb4 Qxb4 15. Rab1 Qa5 16. Qb5 Qc7 17. Qd3 e5 18. dxe5 dxe5 19. Ne1 Ng4 20. g3 Qc6 21. Qxd5 Nf6 22. Qxc6 bxc6 23. Nd3 Rad8 24. Nc5 Rd2 25. Rbc1 Rb8 26. b3 Re8 27. N3e4 Nxe4 28. Nxe4 Rd5 29. Rcd1 Red8 30. Rxd5 cxd5 31. Nc5 d4 32. exd4 Rxd4 33. Nd3 e4 34. Ne5 Rd8 35. Re1 Rc8 36. Nc4 f5 37. Rf1 a5 38. Nxa5 Rxc2 39. f3 e3 40. Re1 e2 41. Kf2 Ra2 42. Nc4 Ra7 43. Rxe2 Rb7 44. Ne3 g6 45. Rb2 Rb5 46. h3 Kf7 47. f4 h5 48. Kf3 Kf6 49. g4 fxg4+ 50. hxg4 hxg4+ 51. Nxg4+ Kg7 52. Ne3 Rc5 53. b4 Rb5 54. Nc2 Kh6 55. Rb1 g5 56. fxg5+ Kxg5 57. Rg1+ Kf5 58. Nd4+ Ke5 59. Nxb5 Kd5 60. Rc1 Ke5 61. Na3 Kd5 62. b5 Kd6 63. b6 Kd7 64. b7 Kd8 65. b8Q+ Kd7 66. Qb6 Ke7 67. Rc7+ Kd8 68. Qb8# 1-0

[Event "ROM-ch U10"]
[Site "Baile Felix"]
[Date "2017.02.03"]
[Round "2"]
[White "Corbu, George Alexandru"]
[Black "Bardas, Stefan Dragos"]
[Result "1-0"]
[WhiteElo "1273"]
[BlackElo "1070"]
[PlyCount "65"]
[EventDate "2017.02.02"]
[EventType "swiss"]
[EventRounds "9"]
[EventCountry "ROU"]
[SourceTitle "CBM 176 Extra"]
[Source "ChessBase"]
[SourceDate "2017.03.02"]
[SourceVersion "1"]
[SourceVersionDate "2017.03.02"]
[SourceQuality "1"]

1. d4 d5 2. c4 e6 3. Nc3 Nf6 4. cxd5 exd5 5. Bg5 Be7 6. e3 Nc6 7. Bb5 Bd7 8. Bxf6 Bxf6 9. Nxd5 a6 10. Bd3 Be6 11. Nf4 Qd7 12. Nf3 0-0 13. 0-0 Bg4 14. h3 Bxf3 15. Qxf3 Rab8 16. Rad1 Nb4 17. Bb1 g6 18. Nh5 gxh5 19. Qxf6 Nd5 20. Qg5+ Kh8 21. Qxh5 f6 22. Bxh7 Qxh7 23. Qxd5 c6 24. Qf3 Qg6 25. Qg3 Qxg3 26. fxg3 b6 27. Rc1 Rbc8 28. Rf5 Kg7 29. Kf2 Kg6 30. g4 Rc7 31. Kf3 b5 32. a4 bxa4 33. Ra5 1-0

[Event "ROM-ch U10"]
[Site "Calimanesti Caciulata"]
[Date "2016.04.24"]
[Round "8"]
[White "Bardas, Stefan Dragos"]
[Black "Anghel, Andrei Costin"]
[Result "0-1"]
[WhiteElo "1001"]
[BlackElo "1064"]
[PlyCount "70"]
[EventDate "2016.04.18"]
[EventType "swiss"]
[EventRounds "9"]
[EventCountry "ROU"]
[SourceTitle "EXT 2017"]
[Source "ChessBase"]
[SourceDate "2016.10.25"]
[SourceVersion "1"]
[SourceVersionDate "2016.10.25"]
[SourceQuality "1"]

1. d4 d5 2. Nf3 e6 3. e3 Nf6 4. Be2 g6 5. 0-0 Bg7 6. Bd2 0-0 7. Bb4 Re8 8. Nc3 Nc6 9. a3 Nxb4 10. axb4 Ne4 11. Qd3 f5 12. h3 b6 13. Qd1 Bb7 14. Bb5 Rf8 15. Qe2 Qd6 16. Ba6 Bxa6 17. Qxa6 Qxb4 18. Ra2 Nxc3 19. bxc3 Qxc3 20. Qb7 Rab8 21. Qa6 Qc4 22. Qxc4 dxc4 23. Ra3 a5 24. Ng5 Rfe8 25. c3 h6 26. Nf3 Bf8 27. Ra4 b5 28. Ra2 b4 29. cxb4 Bxb4 30. Rc1 c3 31. Ne5 Rbc8 32. Nxg6 Kg7 33. Nf4 Kf7 34. d5 e5 35. Ne6 e4 0-1

[Event "ROM-ch U10"]
[Site "Calimanesti Caciulata"]
[Date "2016.04.19"]
[Round "2"]
[White "Visanescu, Dragos Nicholas"]
[Black "Bardas, Stefan Dragos"]
[Result "1-0"]
[WhiteElo "1216"]
[BlackElo "1001"]
[PlyCount "79"]
[EventDate "2016.04.18"]
[EventType "swiss"]
[EventRounds "9"]
[EventCountry "ROU"]
[SourceTitle "CBM 172 Extra"]
[Source "ChessBase"]
[SourceDate "2016.06.21"]
[SourceVersion "1"]
[SourceVersionDate "2016.06.21"]
[SourceQuality "1"]

1. e4 e6 2. d4 d5 3. exd5 exd5 4. Bd3 Nf6 5. Nf3 Bd6 6. Bg5 0-0 7. 0-0 Be7 8. Re1 Nc6 9. Nbd2 h6 10. Bh4 Bg4 11. Bxf6 Bxf6 12. c3 a6 13. Qc2 g6 14. Bxg6 Bxf3 15. Bh7+ Kg7 16. Nxf3 Re8 17. Bd3 Rxe1+ 18. Rxe1 Qd7 19. Qb3 b5 20. a4 Na5 21. Qb4 Nc6 22. Qa3 Be7 23. Qa2 Rb8 24. axb5 axb5 25. Ne5 Qe8 26. Nxc6 Qxc6 27. Rxe7 Re8 28. Rxe8 Qxe8 29. h3 Qe1+ 30. Kh2 Qxf2 31. Bxb5 h5 32. Qxd5 h4 33. Qg5+ Kh8 34. Qh5+ Kg8 35. Qg4+ Kh8 36. Qf3 Qxb2 37. Be8 Qc1 38. Qh5+ Kg7 39. Qxf7+ Kh6 40. Qg6# 1-0